000 01121nam a2200241 a 4500
001 001151276
003 AM-YEHGA
005 20250618080130.0
008 160525s2016 ai a||||r|||||||||0|arm|d
040 _aAM-YeHGA
041 0 _aarm
100 1 _aԹորանյան, Թորոս Խաչերի,
_d1928-2021
_91086
245 1 0 _aԱնահիտ Թոփչեան վիպագիր արձակագիրը :
_b[Վերլուծական հոդվածներ] /
_cԹ. Թորանեան.
260 _aԵրեւան :
_bԼուսակն,
_c2016.
300 _a119 էջ :
_bնկ. ;
_c20 սմ.
500 _aԱյս գիրքը կը նուիրեմ Սիտնիի հարազներուս՝ Սարգիս և Լիւսի Արոյեաններուն, որոնք նուիրուած են Աւստրալիոյ հայ համայնին ծառայութեան
600 1 4 _aԹոփչեան, Անահիտ,
_d1947-2021
650 1 4 _aՀայ հեղինակներ
_vԿենսագրություններ
650 1 4 _aՀայ դերասաններ
_vԿենսագրություններ
650 1 4 _aԳրականագիտություն
942 _2udc
_cBK
090 _c567679
999 _c529289
_d529289